Straight to the Point -Visual Basic 2005 (Record no. 1110)

MARC details
000 -LEADER
Fixed length control field 00403nam a2200157 4500
003 - CONTROL NUMBER IDENTIFIER
Control field SEACOMEC
005 - DATE AND TIME OF LATEST TRANSACTION
Control field 20240515154445.0
008 - FIXED-LENGTH DATA ELEMENTS--GENERAL INFORMATION
Fixed length control field 240515b |||||||| |||| 00| 0 eng d
020 ## - INTERNATIONAL STANDARD BOOK NUMBER / ISBN
Price Rs.95.00
040 ## - CATALOGING SOURCE
Original cataloging agency SEACOMEC
082 ## - DEWEY DECIMAL CLASSIFICATION NUMBER
Classification number 005.13
Book Number M217
100 ## - MAIN ENTRY--PERSONAL NAME
Personal name Maidasani,Dinesh
245 1# - TITLE STATEMENT
Title Straight to the Point -Visual Basic 2005
Statement of responsibility Dinesh Maidasani
650 ## - SUBJECT ADDED ENTRY--TOPICAL TERM
Topical term Programming Language
942 ## - ADDED ENTRY ELEMENTS (KOHA)
Koha item type Books
Holdings
Withdrawn status Lost status Source of classification Damaged status Not for loan Home library Current library Date acquired Total Checkouts Call number Accession number Date last seen Price effective from Koha item type Copy number
    Dewey Decimal Classification     SEACOM ENGINEERING COLLEGE SEACOM ENGINEERING COLLEGE 29/11/2007   005.13 M217 8825 15/05/2024 15/05/2024 Books  
    Dewey Decimal Classification     SEACOM ENGINEERING COLLEGE SEACOM ENGINEERING COLLEGE 29/11/2007   005.13 M217 8826 15/05/2024 15/05/2024 Books 1
    Dewey Decimal Classification     SEACOM ENGINEERING COLLEGE SEACOM ENGINEERING COLLEGE 29/11/2007   005.13 M217 8827 15/05/2024 15/05/2024 Books 2
© Seacom Engineering College, All rights reserved.      Powered by Koha